000 00479nam a2200193Ia 4500
005 20230404094651.0
008 131103s9999 xx 000 0 und d
040 _aLoreto College
041 _aEnglish
082 _aTAG 891.441
_bTAG
100 _aTagore, Rabindranath
245 _aChara
_cRabindranath Tagore
260 _aCalcutta
_bViswa-Bharati
_c1941
300 _a52p
650 _aBengali Literature
651 _aBengali Poetry
850 _aLCLIB
942 _cBK
999 _c16772
_d67251